Üdvözlet Turolukaról!
Zobrazenie: Tri čiastkové pohľady na panorámu a ulice v Turej Lúke s miestnymi obyvateľmi a budovami. Na panoramatickom zábere vidno aj miestny kostol
| Other Authors: | |
|---|---|
| Format: | Photo |
| Language: | Hungarian Slovak |
| PhysicalDescription: | 1 pohľadnica (3 čiastkové pohľady) čiernobiela 9 x 14 cm |
| Published: |
Miava
Fr. Szuchanek
[1905?]
|
| Subjects: |
MARC
| LEADER | 00000ckm a2200000 a 4500 | ||
|---|---|---|---|
| 001 | vtls011633312 | ||
| 003 | SK-MaSNL | ||
| 005 | 20260331210714.0 | ||
| 007 | kf bo | ||
| 008 | 230706q1905 xo g 00 kuhun | ||
| 015 | |a SNBG1905 | ||
| 035 | |a urn:nbn:sk:snk-km00dox2 | ||
| 035 | |a urn:nbn:sk:snk-km3lydl | ||
| 035 | |a 26F44762-D7CF-4AAF-A205-5A26E6521BBD | ||
| 040 | |a SNK |b slo |c SNK |e AACR2 | ||
| 041 | 0 | |a hun |a slo | |
| 043 | |a e-xo--- | ||
| 044 | |a xo |c SK | ||
| 072 | 7 | |a 913 |x Regionálna geografia |2 konspekt | |
| 080 | |a 913(437.6) |2 2011 | ||
| 080 | |a (084.121) |2 2011 | ||
| 080 | |a 711.73 |2 2011 | ||
| 080 | |a 721 |2 2011 | ||
| 080 | |a 726:27-523.42 |2 2011 | ||
| 100 | 1 | |a Szuchanek, Fr. |c (fotograf) |4 pht |9 351204 | |
| 245 | 1 | 0 | |a Üdvözlet Turolukaról! |h grafika |c Fr. Szuchanek, Fotograf |
| 246 | 3 | 1 | |a Pozdrav z Turejluki! |
| 260 | |a Miava |b Fr. Szuchanek |c [1905?] | ||
| 300 | |a 1 pohľadnica (3 čiastkové pohľady) |b čiernobiela |c 9 x 14 cm | ||
| 500 | |a Názvové údaje prevzaté z obrazovej časti pohľadnice | ||
| 520 | 8 | |a Zobrazenie: Tri čiastkové pohľady na panorámu a ulice v Turej Lúke s miestnymi obyvateľmi a budovami. Na panoramatickom zábere vidno aj miestny kostol | |
| 546 | |a Súbežný názov v slov. | ||
| 650 | 0 | 7 | |a ulice |2 SNKPH |9 2938 |
| 650 | 0 | 7 | |a budovy |2 SNKPH |9 1283 |
| 650 | 0 | 7 | |a kostoly |2 SNKPH |9 3023 |
| 651 | 7 | |a Turá Lúka (Myjava, Slovensko) |2 SNKPHgeo |9 166154 | |
| 655 | 7 | |a miestne pohľadnice |2 SNKPH |9 70510 | |
| 752 | |a Slovensko |d Myjava | ||
| 852 | |a Slovenská národná knižnica | ||
| 958 | |a GBN | ||
| 958 | |a ONDV | ||
| 958 | |a GC | ||
| 999 | |c 596288 |d 598218 | ||
| 952 | |a SNK |b SNK |y PREZ |7 0 |p 17A1224787 |o snkSP 25186 |z Pohľadnica prešla poštou. |0 0 |1 0 |4 0 |d 2017-05-29 |f 1 |l 0 |r 2026-02-23 15:39:27 |w 2026-02-23 | ||


